| 000 | 01056nam a2200253Ia 4500 | ||
|---|---|---|---|
| 001 | 21681 | ||
| 005 | 20260420105833.0 | ||
| 008 | 260320s9999||||xx |||||||||||||| ||und|| | ||
| 020 | _a9788436821444 | ||
| 041 | _aESP | ||
| 082 |
_a302 _bM32 |
||
| 100 |
_aMaya Jariego, Isidro, _eAUT |
||
| 245 | 0 |
_aEstrategias de intervención psicosocial : _bcasos prácticos |
|
| 260 |
_aMadrid : _bEdiciones Pirámide, _c2023 |
||
| 300 |
_a244 páginas : _btablas ; _c24 cm. |
||
| 440 | _a(Colección Psicología) | ||
| 650 | _aCIS | ||
| 653 | _aPsicología social; Psicología comunitaria; Desarrollo comunitario - Casos | ||
| 654 | _aCHU | ||
| 700 |
_aGarcía Ramírez, Manuel; Santolaya Soriano, Francisco J., _cAUTS |
||
| 856 |
_uhttps://0u20vx6qe-y-https-ebookcentral-proquest-com.itmsp.museknowledge.com/lib/catolicasp/home.action _zVéase además: Base de datos ProQuest Ebook Central |
||
| 856 |
_uhttps://0u20fx6vy-y-https-research-ebsco-com.itmsp.museknowledge.com/c/qxo6us/search _zVéase además: Base de datos EBSCOhost |
||
| 942 |
_cLIB _dJUS _fMAT _2ddc |
||
| 999 |
_c21681 _d21681 |
||